| 000 | 00788nam a2200265 i 4500 | ||
|---|---|---|---|
| 001 | 10112 | ||
| 003 | ES-MaACL | ||
| 005 | 20250820095203.0 | ||
| 007 | t| | ||
| 008 | 950214s1994 sp ||||1| spa d | ||
| 020 | _a84-7509-909-9 | ||
| 080 | _a271.5(09) | ||
| 100 | 1 |
_aLacouture, Jean. _969402 |
|
| 245 | 1 | 0 |
_aJesuítas. II. Los continuadores / _cJean Lacouture. |
| 250 | _a[1ª ed.]. | ||
| 260 |
_aBarcelona [etc.] : _bPaidós, _c1994. |
||
| 300 |
_a764 p. : _b[32] p. lám. ; _c23 cm. |
||
| 490 | 1 |
_aPaidós estado y sociedad ; _v18 |
|
| 500 | _aIndice. | ||
| 504 | _aBibliogr.: p. [733]-736. | ||
| 610 | 2 | 4 |
_aJesuitas- _xHistoria _95353 |
| 830 | 0 |
_aPaidós estado y sociedad ; _v18 _9178635 |
|
| 852 |
_aES-MaACL _jL-17571 _bR.122665 |
||
| 999 |
_c10112 _d10112 |
||